Mortals, Deities and Divine Symbols: Rethinking Ancient Images from the Levant to Mesopotamia

Saved in:

Other Authors: Sass, Benjamin (Editor), Battini, Laura (Editor)

Format: Book

Published: Oxford Archaeopress Publishing Ltd 2025

Tags: Add Tag

No Tags, Be the first to tag this record!

Call Number:

LEADER 00730namaa2200181 4500
001 9781803272931
003 UkOxAP
005 20260405155017.0
020 |a 9781803272948 
776 1 |x 9781803272931 
245 0 0 |a Mortals, Deities and Divine Symbols: Rethinking Ancient Images from the Levant to Mesopotamia 
100 1 |a Sass, Benjamin  |e Editor  |l English 
700 1 |a Battini, Laura  |e Editor  |l English 
856 4 2 |a http://library.arce.org:8087/Archaeopress/Products/9781803272948 
260 |a Oxford  |b Archaeopress Publishing Ltd  |c 2025 
270 |a Archaeopress Publishing Ltd, Summertown Pavillion, 18 -24 Middle Way, Summertown  |b Oxford  |d United Kingdom  |e OX2 7LG  |k 44-1865-311914  |m info@archaeopress.com 
942 |2 lcc  |c EBOOK 
999 |c 62098  |d 62098